Biggest Cities by Language Quiz #2 - Statistics

General Stats
  • This quiz has been taken 375 times
  • The average score is 16 of 24
Answer Stats
Language Population City % Correct
Japanese 40.4 mil Tokyo
100%
Polish 2.37 mil Warsaw
96%
Thai 18.8 mil Bangkok
95%
Finnish 1.30 mil Helsinki
93%
Dutch 3.25 mil Rotterdam
89%
Afrikaans 4.22 mil Cape Town
87%
Georgian 1.35 mil Tbilisi
85%
Uzbek 3.22 mil Tashkent
83%
Khmer 2.07 mil Phnom Penh
80%
Amharic 3.80 mil Addis Ababa
75%
Punjabi 13.0 mil Lahore
73%
Burmese 5.60 mil Yangon
73%
Balinese 1.55 mil Denpasar
60%
Kannada 12.2 mil Bangalore
59%
Sinhalese 4.75 mil Colombo
59%
Telugu 10.2 mil Hyderabad
55%
Hausa 4.70 mil Kano
54%
Lingala 12.4 mil Kinshasa
47%
Tatar 1.26 mil Kazan
41%
Kurdish 1.09 mil Erbil
40%
Igbo 2.35 mil Port Harcourt
33%
Balochi 1.14 mil Quetta
28%
Min Nan 10.0 mil Xiamen
25%
Pashto 2.35 mil Peshawar
22%
No matching quizzes found
Score Distribution
Percent of People with Each Score
Percentile by Number Answered
Your Score History
You have not taken this quiz